000 01328nam0a22002891 4500
001 rc\2945572
005 20250810053838.0
035 _a(NLR Aleph) 007093842
090 _a6601294
_c6601294
100 _a20110827d1943 u y0rusy50 ca
101 0 _arus
102 _aRU
105 _aa z |||||
200 1 _aТехника глухой гипсовой повязки в военное время
_fПетров, Б.А., бригврач
_gС предисл. заслуж. деятеля науки, проф. орденоносца Цулукидзе А.П. ...
210 _aТбилиси
_cГрузмедгиз
_d1943
215 _a42 с.
_cил.
_d25 см
225 1 _aˆ[‰Издания]
_fНар. комиссариат здравоохранения Груз. ССР. Ин-т усовершенствования врачей Груз. ССР
_vВып. 8
700 1 _4070
_7ca
_8rus
_aПетров
_bБ. А.
_cд-р мед. наук, хирург
_f1898-1973
_gБорис Александрович
_9250865
_3RU\NLR\AUTH\770250921
702 1 _aЦулукидзе
_bА.П.
_4080
801 0 _aRU
_bNLR
_gpsbo
801 1 _aRU
_bELAR
_2rusmarc
852 _aNLR
_jМд16 Г-6/3
942 _cBOOK
945 _aРоссийская национальная библиотека
980 _aNB
980 _aBV